Capitales dans leur langue d'origine - Statistiques

Statistiques générales
  • Ce quiz a été pris 60 fois
  • Le résultat moyen est 9 sur 15
Statistiques - réponses
Endonyme Nom français % Correct
Москва Moscou
98%
東京都 Tokyo
93%
Αθήνα Athènes
89%
Београд / Beograd Belgrade
88%
北京 Pékin
88%
Київ Kiev
80%
יְרוּשָׁלַיִם Jérusalem
54%
Скопје Skopje
54%
ٱلْقَاهِرَة Le Caire
43%
София Sofia
36%
नई दिल्ली New Delhi
34%
الرباط Rabat
32%
ঢাকা Dacca
29%
تهران Téhéran
27%
Baile Átha Cliath Dublin
23%
Aucun quiz correspondant
Distribution des résultats
% des personnes avec chaque résultat
Percentile par nombre de réponses
Votre historique - résultats
Vous n’avez pas pris ce quiz